[Event "POL-chT3 Liga Slaska"]
[Site "Poland"]
[Date "2007.05.12"]
[Round "7"]
[White "Pacak, Patrycja"]
[Black "Michniok, Justyna"]
[Result "1-0"]
[WhiteElo "1695"]
[BlackElo "1589"]
[PlyCount "121"]
[EventDate "2007.01.28"]
[EventType "team-swiss"]
[EventRounds "9"]
[EventCountry "POL"]
[SourceTitle "EXT 2011"]
[Source "ChessBase"]
[SourceDate "2010.11.26"]
[SourceVersion "1"]
[SourceVersionDate "2010.11.26"]
[SourceQuality "1"]
[WhiteTeam "Czestochowa UKS Hetman"]
[BlackTeam "Pszczyna PSSz"]
[WhiteTeamCountry "POL"]
[BlackTeamCountry "POL"]

1. e4 e5 2. Nc3 Nf6 3. f4 d6 4. Nf3 Bg4 5. Bc4 Qd7 6. d3 Nc6 7. Be3 a6 8. Qd2 Bxf3 9. gxf3 g6 10. 0-0-0 Bg7 11. Bb3 0-0 12. Rhg1 exf4 13. Bxf4 Nd4 14. Rdf1 Nxb3+ 15. axb3 b5 16. Bh6 c6 17. h4 Ne8 18. h5 Nc7 19. Bxg7 Kxg7 20. f4 f5 21. Qh2 Rh8 22. Qg3 Qe6 23. Ne2 c5 24. Qg5 Raf8 25. Ng3 fxe4 26. f5 Qf6 27. h6+ Kg8 28. Nxe4 Qxg5+ 29. Rxg5 Ne6 30. Rg2 d5 31. Nd6 Nd4 32. Rgf2 Rf6 33. fxg6 Rxf2 34. gxh7+ Kxh7 35. Rxf2 Kxh6 36. Nf7+ Kg7 37. Nxh8 Kxh8 38. Rf8+ Kg7 39. Ra8 Kf6 40. Rxa6+ Ke5 41. Ra8 b4 42. Rc8 Kd6 43. Kd1 Nb5 44. Kd2 d4 45. Ke2 Kd5 46. Kf3 Nd6 47. Rf8 Ke5 48. Kg4 Ke6 49. Kf4 Kd5 50. Rf6 Nb7 51. Rg6 Nd6 52. Rg5+ Kc6 53. Kf3 Kb5 54. Ke2 Kc6 55. Re5 Nf7 56. Rh5 Nd6 57. Kd2 Nb5 58. Rh6+ Kd5 59. Rb6 Nc7 60. c3 Na8 61. c4+ 1-0